Normal view
MARC view
- العزاوي ، سالم محمد رديعان
Entry Personal Name
001 - CONTROL NUMBER
- control field: 12530
003 - CONTROL NUMBER IDENTIFIER
- control field: JO-AjAnu
005 - DATE AND TIME OF LATEST TRANSACTION
- control field: 20230606072316.0
008 - FIXED-LENGTH DATA ELEMENTS
- fixed length control field: 230606|| aca||aabn | a|a d
040 ## - CATALOGING SOURCE
- Original cataloging agency: JO-AjAnu
- Transcribing agency: JO-AjAnu
100 ## - HEADING--PERSONAL NAME
- Personal name: العزاوي ، سالم محمد رديعان
670 ## - SOURCE DATA FOUND
- Source citation: Work cat.: (JO-AjAnu)6450: العزاوي ، سالم محمد رديعان , author, مسؤولية المنتج في القوانين المدنية والاتفاقيات الدولية